00726nam a2200205 a 450000100100000000500170001000800410002702000150006804000250008310000290010824500980013726000310023530000210026649000190028750400300030670000370033683000250037395201050039899900170050300004401120201002045107.0140513s1996 sp 000 0 spa d a8434465817 aDO-SdBNPbspacBNPHU1 aVillani, Pasquale97198213aLa edad contemporánea, 1800-1914 /cPasquale Villani ; traducción de Salvador del Carril. aBarcelona :bAriel,c1996. a284 p. ;c24 cm.1 aAriel historia aBibligraría : p 274-27812aCarril, Salvador deletr.971983 0aAriel historia99024 001050718MOaGRbGRcCTd2014-05-13iLF1l0o p44011-10r2020-06-25w2020-06-25y1ZNo se presta c43500d43500